书目信息 |
| 题名: |
环境保护设备选用手册
|
|
| 作者: | 孙明湖 主编 | |
| 分册: | ||
| 出版信息: | 北京 化学工业出版社 2002.10 |
|
| 页数: | 351页 | |
| 开本: | 26cm | |
| 丛书名: | ||
| 单 册: | ||
| 中图分类: | X505-62 | |
| 科图分类: | ||
| 主题词: | 环境污染 , 安全科学 , 劳动保护 , 环境污染--污染防治 | |
| 电子资源: | ||
| ISBN: | 7-5025-3967-0 | |
| 000 | 00794nam0 2200241 45 | |
| 001 | 0339578537 | |
| 005 | 2003032510593853 | |
| 010 | @a7-5025-3967-0@d52.00CNY | |
| 100 | @a20030325d2002 km y0chiy0120 ea | |
| 101 | 0 | @achi |
| 102 | @aCN@b110000 | |
| 200 | 1 | @a环境保护设备选用手册@AHuan Jing Bao Hu She Bei Xuan Yong Shou Ce@e固体废物处理、噪声控制及节能设备@f孙明湖主编@FSun Ming Hu Zhu Bian |
| 210 | @a北京@c化学工业出版社@d2002.10 | |
| 215 | @a351页@d26cm | |
| 517 | @a固体废物处理、噪声控制及节能设备@AGu Ti Fei Wu Chu Li、Zao Sheng Kong Zhi Ji Jie Neng She Bei | |
| 606 | 0 | @a环境污染 |
| 606 | 0 | @a安全科学 |
| 606 | 0 | @a劳动保护 |
| 606 | 0 | @a环境污染@x污染防治 |
| 690 | @aX505-62@v3 | |
| 701 | 0 | @a孙明湖@ASun Ming Hu@4主编 |
| 801 | 0 | @aCN@bPFT@c20030325 |
| 905 | @dX505-62@eS932 | |
| 环境保护设备选用手册:固体废物处理、噪声控制及节能设备/孙明湖主编.-北京:化学工业出版社,2002.10 |
| 351页;26cm |
| ISBN 7-5025-3967-0:52.00CNY |
| ● |
| 相关链接 |
|
|
|
正题名:环境保护设备选用手册
索取号:X505-62/S932
 
预约/预借
| 序号 | 登录号 | 条形码 | 馆藏地/架位号 | 状态 | 备注 |
| 1 | 372109 | 203721099 | 自科库501/501自科库 68排4列2层/ [索取号:X505-62/S932] | 在馆 | |
| 2 | 372110 | 203721106 | 市政与环境工程学院资料室/ [索取号:X505-62/S932] | 在馆 | |
| 3 | 372111 | 203721115 | 自科库501/501自科库 68排4列2层/ [索取号:X505-62/S932] | 在馆 | |
| 4 | 372595 | 203725950 | 自科库501/501自科库 68排4列2层/ [索取号:X505-62/S932] | 在馆 |